000 00829nas a2200277 4500
001 BR2012008416
003 BR-BrBNA
005 20231205121409.0
007 ta
008 230509b bl.|||p| |||| 00| 00por d
040 _aBR-BrBNA
_bpor
_cBiblioteca Nacional de Agricultura
041 _a(Pt)
072 _aF30
100 1 _aFerreira, R.
100 1 _aGardingo, J.R.
100 1 _aMatiello, R.R.
245 1 _aSeleção de progênies de irmãos germanos destinadas à produção de milho-verde
650 _aMILHO
650 _aGENÉTICA VEGETAL
650 _aPROGÊNIE
650 _aHEREDITARIEDADE
650 _aPRODUÇÃO VEGETAL
773 0 _tScientia Agrária (Brazil)
_xISSN 1519-1125
_g(Jan-Feb 2009), v. 10(1) p. 23-30
_wBR2012008416
909 _a202311
_bLúcia
_c55
_dLúcia Elande
942 _2AGRIS
_n0
_cANA
999 _c223357
_d223357